Test pamięci wzrokowej - losowe obrazki kreskówkowe - Statystyki

Ogólne statystyki
  • Ten quiz został rozwiązany 3 526 razy
  • Średni wynik to 7 z 16
Odpowiedzi na mapie
Odpowiedzi zakodowano w zielono-czerwonej skali na mapie do tego quizu, zgodnie z poniższymi procentami.
 
Statystyki odpowiedzi
Odpowiedź % Poprawnych
Doktor
84%
Święty Mikołaj
82%
Żaba
77%
Góra
74%
Stop
71%
Jednorożec
69%
Tygrys
69%
Okno
67%
Stany Zjednoczone
66%
Hotel
63%
Drabina
61%
Wielbłąd
61%
Kaktus
59%
Goryl
58%
Krokodyl
56%
Pies
55%
Słoń
55%
Artysta
54%
Czarodziej
53%
Świnia
53%
Korona
52%
Róża
52%
Koń
51%
Małpa
51%
Kostka
50%
Ninja
50%
Szef
50%
Usta
50%
Żyrafa
50%
Krowa
48%
Stopa
48%
Tęcza
48%
Fala
47%
Królik
47%
Rower
47%
Wąż
47%
Diament
46%
Plaster
46%
Ryba
46%
Świeca
46%
Marchewka
45%
Piła
45%
Balon
44%
Krzesło
44%
Paw
44%
Biedronka
43%
Bumerang
43%
Jabłko
43%
Mysz
43%
Kangur
42%
Kłódka
42%
Miłość
42%
Nietoperz
41%
Oczy
41%
Parasol
41%
Rekin
41%
Drzewo
40%
Kaczka
40%
Koszykówka
40%
Łóżko
40%
Muzyka
40%
Owca
40%
Szop
40%
Klucz
39%
Kość
39%
Ołówek
39%
Ręka
39%
Flaming
38%
Łódź
38%
Nożyczki
38%
Ślimak
38%
Żółw
38%
Pingwin
37%
Winogrono
37%
Dzwonek
36%
Pająk
36%
Ucho
36%
Wiśnia
36%
Żarówka
36%
Księżyc
35%
Samolot
35%
Kukurydza
34%
Pszczoła
34%
Poczta
33%
Aparat
32%
Klaskać
32%
Wieloryb
32%
Dynia
30%
Rakieta
30%
Telefon
28%
Topór
28%
Helikopter
26%
Kurczak
25%
Nie znaleziono quizów pasujących do podanych kryteriów
Rozkład punktacji
Procent ludzi z każdym wynikiem
Percentyl według liczby udzielonych odpowiedzi
Twoja historia wyników
Nie rozwiązałeś tego quizu